000 00311nam a2200133Ia 4500
005 20260328104332.0
008 260328s9999||||xx |||||||||||||| ||und||
100 _aWalkin, David
245 0 _aMoral y Arquitectura /
_cDavid Walkin
260 _bTusquets
300 _a163 p.
650 _aTEORIA
942 _cBK
999 _c11745
_d11745